Famous Kevins Quiz Stats

 Plays Quiz Updated Dec 28, 2018

Support Sporcle.
Go Orange.
Score 0/20 Timer 04:00
2 Plays Today
Hint Kevin... % Correct
Any Hollywood actor can be linked to him through the 'Six Degrees of Kevin...' Kevin Bacon
84.9%
Dances with Wolves, Field of Dreams, Tin Cup...Kevin Costner
82.7%
Dancer who married Britney Spears, and uh... not really sure why he's famous...Kevin Federline
79.5%
The Usual Suspects, American Beauty, the Negotiator...Kevin Spacey
78.5%
Member of an American pop rock band he created with his younger brothers Joe and NickKevin Jonas
65.3%
Power forward for the Boston CelticsKevin Garnett
64.3%
The King of Queens, Paul Blart: Mall Cop, I Now Pronounce You Chuck & LarryKevin James
63.5%
Clerks, Dogma, Jay and Silent Bob...Kevin Smith
60.6%
A Fish Called Wanda, French Kiss, In & Out...Kevin Kline
48.7%
Saturday Night Live, Still Standing, Weeds...Kevin Nealon
39.5%
Hint Kevin... % Correct
Played Johnny 'Drama' Chase on the HBO series EntourageKevin Dillon
34.2%
Left 'Home Alone' on Christmas, Fought off Harry and MarvKevin McCallister
30.9%
Got by with a little help from his friends during his 'Wonder Years'Kevin Arnold
29.5%
Former mayor of Sacramento, California, Played point guard for the Cleveland Cavaliers and Phoenix SunsKevin Johnson
28.8%
Got the job in 'Hercules: The Legendary Journeys' because Arnold Schwarzenegger wasn't availableKevin Sorbo
23.5%
2007 Daytona 500 WinnerKevin Harvick
20.4%
Deterrence, The Usual Suspects, End of Days...Kevin Pollak
7.2%
The 26th and former Prime Minister of AustraliaKevin Rudd
4.8%
Co-Author of Dune: House Atreides and other dune prequelsKevin J. Anderson
3.7%
Co-Founder of Digg.comKevin Rose
2.4%

From the Vault

8-Letter Geography Blitz

by nspyred

We're traveling around the world, powered by mental letter-counting.
Remove Ads.
Support Sporcle.
Get the best of Sporcle when you Go Orange. This ad-free experience offers more features, more stats, and more fun while also helping to support Sporcle. Thank you for becoming a member.

Show Comments

Extras

Top Quizzes Today


Score Distribution

Your Account Isn't Verified!

In order to create a playlist on Sporcle, you need to verify the email address you used during registration. Go to your Sporcle Settings to finish the process.

Report this User

Report this user for behavior that violates our Community Guidelines.

Details: